000 01780nam a2200265Ia 4500
008 260220t1984||||xx |||||||||||||| ||spa||
020 _a840131069
040 _aPY-SlUNAC
_bspa
_erda
041 _aspa
082 _a823
_bF775c
100 _aForsyth, Frederick
_eAutor
245 0 _aEl cuarto protocolo /
_cpor Frederick Forsyth [Autor]
250 _aSegunda edición
264 _aBarcelona :
_bPlaza y Jones,
_c℗1984.
300 _a1 volumen
520 _a"El cuarto protocolo" de Frederick Forsyth es un thriller político que se centra en un elaborado complot de espionaje en el contexto de la Guerra Fría. La historia sigue a un grupo de agentes soviéticos que planean detonar un arma nuclear en el Reino Unido con el fin de desestabilizar al gobierno británico y facilitar la expansión del comunismo en Europa. El protagonista, un astuto agente del MI5 llamado John Preston, se ve envuelto en una carrera contrarreloj para desbaratar el plan, que se desarrolla en un clima de desconfianza y traición. A medida que Preston investiga, se enfrenta a múltiples desafíos, revelando la complejidad de la política internacional y las intrigas del espionaje. Forsyth entrelaza una narrativa rica en detalles técnicos y estratégicos, creando una atmósfera de tensión y suspenso. El libro no solo ofrece un emocionante desarrollo de la trama, sino que también refleja las tensiones geopolíticas de la época, haciendo hincapié en las repercusiones de la manipulación política y el terrorismo.
653 _aEspionaje
653 _aGuerra fría
653 _aPolítica internacional
942 _b2026/02/17
_cBK
999 _c9066
_d9066